Normal view
MARC view
- Richardson, Terry L.
Entry Personal Name
001 - CONTROL NUMBER
- control field: 86348
003 - CONTROL NUMBER IDENTIFIER
- control field: NUST
005 - DATE AND TIME OF LATEST TRANSACTION
- control field: 20211210112913.0
008 - FIXED-LENGTH DATA ELEMENTS
- fixed length control field: 211210|| aca||aabn | a|a d
040 ## - CATALOGING SOURCE
- Original cataloging agency: NUST
- Transcribing agency: NUST
100 ## - HEADING--PERSONAL NAME
- Personal name: Richardson, Terry L.
- Title of a work: Industrial plastics
670 ## - SOURCE DATA FOUND
- Source citation: Work cat.: (NUST)32384: Lokensgard, Erik. 86346, Industrial plastics :, c2004.
